| 000 | 01090cam a22003377a 4500 | ||
|---|---|---|---|
| 003 | CHAP | ||
| 005 | 20220817042035.0 | ||
| 008 | 971013s r 00010 d | ||
| 010 | _a32762 | ||
| 011 | _a33734 | ||
| 035 | _a37850 | ||
| 040 | _cCHAP | ||
| 090 | _aFolleto 7131 | ||
| 100 | 0 | 0 |
_aLeos Rodríguez, Juan Antonio. _966243 |
| 245 | 1 | 3 | _aEl sector agrícola y el proceso de acumulación de capital |
| 260 |
_a(s.l. : _bs.e.), _c(s.a.) |
||
| 300 | _a11 h. | ||
| 500 | _ac.4 en bodega | ||
| 500 | _aMimeógrafo | ||
| 590 |
_aBATCH-UPD _b10 _c20130110 _lUCH01 _h1559 |
||
| 590 |
_aBATCH-UPD _b10 _c20130410 _lUCH01 _h0956 |
||
| 590 |
_aBATCH-UPD _b10 _c20130914 _lUCH01 _h1722 |
||
| 590 |
_aCONVERSION _b10 _c20130109 _lUCH01 _h1318 |
||
| 650 | 1 | 4 |
_aAgricultura _xAspectos económicos. |
| 650 | 1 | 4 |
_aAgricultura _xAspectos economicos _zMexico. _91312 |
| 901 | _aBK | ||
| 942 | _cFOLL | ||
| 949 |
_aFolleto 7131 _bBC _cFOLL _d-86672 _eTS1 _i37850 _si |
||
| 949 |
_aFolleto 7131 _bBC _cFOLL _d-86673 _eTS2 _fc.2 _i37850 _mD _si |
||
| 949 |
_aFolleto 7131 _bBC _cFOLL _d-86674 _eTS2 _fc.3 _i37850 _mD _si |
||
| 999 |
_c32762 _d32762 |
||